| 000 | 01189nam a22003737a 4500 | ||
|---|---|---|---|
| 001 | BR0301397 | ||
| 003 | BR-BrBNA | ||
| 005 | 20230928101249.0 | ||
| 007 | ta | ||
| 008 | 230509b bl.||||| |||| 00| 0 por d | ||
| 040 |
_aBR-BrBNA _bpor _cBiblioteca Nacional de Agricultura |
||
| 041 | _a(Por) | ||
| 072 |
_aC10; F01 _b1122 |
||
| 090 | _ 1122 BR0301397 | ||
| 100 | 1 | _aDantas, J.L.L. | |
| 110 | 1 |
_aAssociação Brasileira de Educação Agrícola Superior, Brasília, DF (Brasil) _9275 |
|
| 245 | 1 |
_aCurso de agricultura tropical, módulo 1 - o ambiente e as plantas tropicais; 1.6 - fruticultura irrigada; 1.6.9 - cultura do mamão _bCurso de Especialização por Tutoria à Distância |
|
| 260 | 3 |
_aBrasília, DF (Brasil): _c2000. |
|
| 300 | _a57 p. | ||
| 500 | _aBibliography p. 50-57; 12 tables | ||
| 650 | _aMAMÃO | ||
| 650 | _aCURSO | ||
| 650 | _aCALAGEM | ||
| 650 | _aADUBAÇÃO | ||
| 650 | _aPRÁTICA CULTURAL | ||
| 650 | _aPROPAGAÇÃO VEGETATIVA | ||
| 650 | _aFERTIRRIGAÇÃO | ||
| 650 | _aDOENÇA DE PLANTA | ||
| 650 | _aPRAGA DE PLANTA | ||
| 650 | _aPOLPA | ||
| 650 | _aTECNOLOGIA DE ALIMENTO | ||
| 909 |
_a202309 _bLucia _c55 _dLucia Elande |
||
| 942 | _cBK | ||
| 999 |
_c64982 _d64982 |
||